The Story of The Wheel / (Record no. 194302)
[ view plain ]
| 000 -LEADER | |
|---|---|
| fixed length control field | 00874 a2200169 4500 |
| 003 - CONTROL NUMBER IDENTIFIER | |
| control field | Nust |
| 005 - DATE AND TIME OF LATEST TRANSACTION | |
| control field | 20221231152329.0 |
| 040 ## - CATALOGING SOURCE | |
| Transcribing agency | Nust |
| 082 ## - DEWEY DECIMAL CLASSIFICATION NUMBER | |
| Classification number | 629.248,BOU |
| 100 ## - MAIN ENTRY--PERSONAL NAME | |
| Personal name | G.M.Boumphrey |
| 9 (RLIN) | 106572 |
| 245 ## - TITLE STATEMENT | |
| Title | The Story of The Wheel / |
| Statement of responsibility, etc. | G.M.Boumphrey |
| 260 ## - PUBLICATION, DISTRIBUTION, ETC. | |
| Place of publication, distribution, etc. | london |
| Name of publisher, distributor, etc. | A.&C.Black |
| Date of publication, distribution, etc. | 1953. |
| 300 ## - PHYSICAL DESCRIPTION | |
| Extent | 96p; |
| 505 ## - FORMATTED CONTENTS NOTE | |
| Formatted contents note | A ‘ Penny-Farthing’ (Page-1), A Sussex Farm Waggon (Page-21,) Dish (Page-21), Egyptian Potter’s Wheel 1800 B.C (Page-35), Egyptian Potter’s Wheel 300 B.C (Page-36), Italian Potters at Work (Page-36), A Whirlicote (Page-49), A Stage Waggon(Page-55), Cugnot ’s Steam-Carriage (Page-67), Trevithick’s Steam Carriage (Page-68), A Steam-Coach (Page-69), Early Trains (Page-74), Shillibeer’s Omnibus (Page-86), A Draisine (Page-88), A ‘Bone Shaker’ (Page-89). |
| 650 ## - SUBJECT ADDED ENTRY--TOPICAL TERM | |
| Topical term or geographic name entry element | The Story of The Wheel |
| 9 (RLIN) | 106573 |
| 942 ## - ADDED ENTRY ELEMENTS (KOHA) | |
| Source of classification or shelving scheme | |
| Koha item type | Book |
| Withdrawn status | Lost status | Source of classification or shelving scheme | Damaged status | Not for loan | Permanent Location | Current Location | Shelving location | Date acquired | Full call number | Barcode | Date last seen | Price effective from | Koha item type | Public note |
|---|---|---|---|---|---|---|---|---|---|---|---|---|---|---|
| Military College of Signals (MCS) | Military College of Signals (MCS) | General Stacks | 12/12/2016 | 629.248,BOU | MCS29982 | 12/08/2016 | 12/12/2016 | Book | Almirah No.41, Shelf No.3 |
